| 000 | 01254cam a2200313 a 4500 | ||
|---|---|---|---|
| 001 | 12750390 | ||
| 003 | NUST - PNEC | ||
| 005 | 20170116181048.0 | ||
| 008 | 020423s2002 nyua b 001 0 eng | ||
| 010 | _a 2002070294 | ||
| 020 | _a0071393102 | ||
| 040 |
_aDLC _cLIBRARY _dDLC |
||
| 050 | 0 | 0 |
_aHD69.P75 _bC526 2002 |
| 082 | 0 | 0 | _a658.404 CLE |
| 100 | 1 | _aCleland, David I. | |
| 245 | 1 | 0 |
_aProject management : _bstrategic design and implementation / _cDavid I. Cleland, Lewis R. Ireland. |
| 250 | _a4th ed. | ||
| 260 |
_aNew York : _bMcGraw-Hill, _cc2002. |
||
| 300 |
_axx, 656 p. : _bill. ; _c24 cm. |
||
| 504 | _aIncludes bibliographical references and index. | ||
| 650 | 0 |
_aProject management. _xMIS |
|
| 700 | 1 |
_aIreland, Lewis R., _d1937-2012. |
|
| 856 | 4 | 2 |
_3Contributor biographical information _uhttp://www.loc.gov/catdir/bios/mh041/2002070294.html |
| 856 | 4 | 2 |
_3Publisher description _uhttp://www.loc.gov/catdir/description/mh022/2002070294.html |
| 856 | 4 | 1 |
_3Table of contents _uhttp://www.loc.gov/catdir/toc/mh023/2002070294.html |
| 906 |
_a7 _bcbc _corignew _d1 _eocip _f20 _gy-gencatlg |
||
| 942 |
_2ddc _cBK |
||
| 999 |
_c68287 _d68287 |
||